000 00323 a2200157 4500
001 186664
020 _a85-7180-656-X
040 _cMagnum
100 _aGóes, Lúcia Pimentel
240 1 0 _aKaguya hime
_lpor
245 1 0 _aKaguya hime
300 _a24
362 0 _a1995
697 _aLITERATURA INFANTO
942 _cBK
999 _c186664
_d186664